01275nam a22002057a 4500003000900000005001700009008004100026020001500067040003400082082001200116100004200128245009600170250001300266260002900279300002000308500032600328500037400654650001701028651002401045AR-BeUNQ20250513183403.0250513b2004 esp||||dri||| 001 d spa d a9871187084 aAR-BeUNQbspacAR-BeUNQeaacr 221a85210aShakespeare, Williamb1564-1616caut.10aSueño de una noche de verano: Las alegres comadres de WindsorcWilliam Shakespearehlibro a1 a. ed. aLa PlatabTerramarc2004 a184 p. :c18 cm aUn sueño de la noche de verano ofrece una historia cómica de un triángulo amoroso griego antiguo, que se desmorona en circunstancias hilarantes en el bosque con la ayuda de algunas hadas traviesas, que al final convencer a los seres humanos que los extraños eventos de la noche debe haber sido sólo un sueño . aEn "Las alegres comadres de Windsor", el caballero Sir John Falstaff, famoso por su obesidad y su carácter irascible, intenta seducir a dos esposas adineradas, la señora Ford y la señora Page, con el objetivo de robarles su dinero. Sin embargo, sus planes son frustrados por las mujeres, quienes se burlan de él y lo humillan en una serie de eventos cómicos.  ateatro2tell aArgentina 2unescot